|
|
|
|
| LEADER |
00000nab a2200000 a 4500 |
| 001 |
vtls000656165 |
| 003 |
SK-MaSNL |
| 005 |
20260430045416.0 |
| 008 |
250526c1998 xo 0 slo |
| 015 |
|
|
|a SNBRA1998/03-07812
|
| 035 |
|
|
|a CLN000008357
|
| 035 |
|
|
|a urn:nbn:sk:snk-ab28fs
|
| 035 |
|
|
|a (urnnbn)urn:nbn:sk:snk:ar-a01xzm
|
| 035 |
|
|
|a (uuid)469e45fd-48d3-4326-b098-9c0258a0f12a
|
| 040 |
|
|
|a SNKBUCL
|b slo
|c SNKBUCL
|e AACR2
|
| 041 |
0 |
|
|a slo
|
| 044 |
|
|
|a xo
|c SK
|
| 080 |
|
|
|a 339.166(437.6):630 81
|2 1997
|
| 080 |
|
|
|a 630 81(437.6)
|2 1997
|
| 080 |
|
|
|a 674(437.6)
|2 1997
|
| 100 |
1 |
|
|a Konôpka, Jozef,
|d 1940-
|4 aut
|9 89185
|
| 245 |
1 |
0 |
|a Aká je súčasná situácia v obchode s drevom?
|c Jozef Konôpka, Pavol Harmaniak
|
| 300 |
|
|
|b Fotogr., tab.
|
| 650 |
0 |
7 |
|a drevo
|x obchod
|z Slovensko
|y 1998
|2 snkbucl
|9 1502116
|
| 650 |
0 |
7 |
|a obchod
|2 snkbucl
|9 2198
|
| 655 |
|
7 |
|a články z novín a časopisov
|2 snkbucl
|9 267496
|
| 700 |
1 |
|
|a Harmaniak, Pavol
|4 aut
|9 889485
|
| 773 |
0 |
|
|t Les
|g Roč. 54, č. 3 (1998), s. 3-7
|x 0323-0996
|
| 850 |
|
|
|a Slovenská národná knižnica
|
| 852 |
|
|
|a Slovenská národná knižnica
|
| 954 |
|
|
|a odborná, vedecká literatúra pôvodná (slovenská)
|2 lita
|
| 958 |
|
|
|a ONDV
|
| 958 |
|
|
|a article2022
|
| 958 |
|
|
|a SK
|
| 992 |
|
|
|a RBX
|
| 999 |
|
|
|c 2999439
|d 3001369
|